| 000 | 00571nam a22001817a 4500 | ||
|---|---|---|---|
| 008 | 160404b xxu||||| |||| 00| 0 eng d | ||
| 020 | _a13 : 978-0-205-68551-6 | ||
| 020 | _a10 : 0-205-68551-x | ||
| 082 |
_22010 _aDC 351 _bH39 |
||
| 100 |
_94735 _aHenry Nicholas |
||
| 245 |
_aPublic administration and public affairs/ _cNicholas Henry. |
||
| 250 | _aEleventh Edition | ||
| 260 |
_aUSA: _bPearson Education, Inc., _c©2010. |
||
| 300 |
_axii, 404 pages: _billustrations; _c23 cm. |
||
| 500 | _aIncludes index. | ||
| 650 | 0 |
_94736 _aPublic administration |
|
| 942 |
_2ddc _cDC |
||
| 999 |
_c1531 _d1531 |
||